000 00329nam a2200097Ia 4500
008 220120s9999||||xx |||||||||||||| ||und||
100 _aDeevika C.P and others
_912623
245 0 _aMona : secure multi owner data sharing for dynamic groups in
260 _aCoorg Institute of Technology
_bPonnampet
_c2016
650 _aCOMPUTER SCIENCE
999 _c138221
_d138221